Staruszki znalezione

Bibliographic Details
Main Authors: Jazowski, Mariusz (Author), Kapusta, Anna, 1982- (Author), Piszczkiewicz, Katarzyna (Author)
Format: Book
Language:Polish
PhysicalDescription:8 s. 24 cm
Published: Kraków Wydawnictwo i Drukarnia Towarzystwa Słowaków w Polsce 2016
ISBN:9788374909051
Series:Tekstoterapia
Subjects:

MARC

LEADER 00000cam a2200000 a 4500
001 vtls011621416
003 SK-MaSNL
005 20260301182003.0
008 240318s2016 pl g 000 1 pol
015 |a SNBZSA2017/06 
020 |a 9788374909051  |q (brožované) 
040 |a SNK  |b slo  |c SNK  |e AACR2 
041 0 |a pol 
044 |a pl  |c PL 
072 7 |a 821.162.1  |x Poľská literatúra  |2 konspekt 
080 |a 821.162.1  |2 2011 
080 |a 821.162.1-32  |2 2011 
100 1 |a Jazowski, Mariusz  |4 aut  |9 555228 
245 1 0 |a Staruszki znalezione  |c Mariusz Jazowski, Anna Kapusta, Katarzyna Piszczkiewicz 
260 |a Kraków  |b Wydawnictwo i Drukarnia Towarzystwa Słowaków w Polsce  |c 2016 
300 |a 8 s.  |c 24 cm 
490 1 |a Tekstoterapia  |v T. 1 
500 |a Ilustrácie na obálke 
650 0 7 |a poľská literatúra  |2 SNKPH  |9 1201 
650 0 7 |a Polish literature  |2 SNKPHeng  |9 267172 
655 7 |a poľské poviedky  |2 SNKPH  |9 70788 
655 7 |a Polish short stories  |2 SNKPHeng  |9 299162 
700 |a Kapusta, Anna,  |d 1982-  |4 aut  |9 429024 
700 |a Piszczkiewicz, Katarzyna  |4 aut  |9 555229 
830 0 |a Tekstoterapia  |9 555230 
919 |a 978-83-7490-905-1 
958 |a ZS 
958 |a LX 
958 |a PL 
999 |c 852016  |d 853946 
952 |a SNK  |b SNK  |y VYP  |7 0  |p 17A1260178  |o snkOSC 28025 D1  |i snk2017/13692  |8 2  |g 2.84  |0 0  |1 0  |4 0  |d 2017-05-23  |l 0  |r 2026-02-24 04:45:03  |w 2026-02-24 
952 |a SNK  |b SNK  |y PREZ  |7 0  |p 17A1258756  |o snkOSC 28025  |i snk2017/11443  |8 2  |g 2.84  |0 0  |1 0  |4 0  |d 2017-03-31  |l 0  |r 2026-02-24 04:45:03  |w 2026-02-24